| 000 | 00483nam a22001817a 4500 | ||
|---|---|---|---|
| 005 | 20240430122604.0 | ||
| 008 | 240430b |||||||| |||| 00| 0 eng d | ||
| 020 | _a8184480857 | ||
| 082 |
_a612 _bTRI-E |
||
| 100 | _aTripathi KD | ||
| 245 |
_aEssentials of Medical Pharmacology / _cTripathi KD |
||
| 250 | _a6th ed. | ||
| 260 |
_aindia : _bJaypee bro ; _c2010. |
||
| 300 |
_axvi,940p. _bill; _c24cm. |
||
| 500 | _ainclude index . | ||
| 650 | _aMedical / Pharmacology | ||
| 999 |
_c35642 _d35642 |
||